Didáctica general / (Record no. 88687)

MARC details
000 -CABECERA
campo de control de longitud fija 00634nam a2200217 a 4500
005 - FECHA Y HORA DE LA ÚLTIMA TRANSACCIÓN
campo de control 20230519063626.0
008 - ELEMENTOS DE LONGITUD FIJA--INFORMACIÓN GENERAL
campo de control de longitud fija 991125m19321958es 000 0 spa u
035 ## - NÚMERO DE CONTROL DEL SISTEMA
Número de control de sistema UPN01000114980
049 ## - COLECCIÓN
Colección CG
050 #4 - SIGNATURA TOPOGRÁFICA DE LA BIBLIOTECA DEL CONGRESO
Número de clasificación LB1025
Número de documento/Ítem S3.38 1958
100 1# - ASIENTO PRINCIPAL--NOMBRE PERSONAL
Nombre de persona Schmieder, A.
245 10 - MENCIÓN DE TÍTULO
Título Didáctica general /
Mención de responsabilidad, etc. A. y J. Schmieder ; tr. S. Duñaiturria.
250 ## - MENCIÓN DE EDICIÓN
Mención de edición 5a ed.
260 ## - PUBLICACIÓN, DISTRIBUCIÓN, ETC.
Lugar de publicación, distribución, etc. Buenos Aires :
Nombre del editor, distribuidor, etc. Losada,
Fecha de publicación, distribución, etc. 1932 (1958 impr.).
300 ## - DESCRIPCIÓN FÍSICA
Extensión 178 p.
440 #0 - MENCIÓN DE SERIE/ASIENTO SECUNDARIO--TÍTULO
Título Biblioteca pedagógica ;
Designación de volumen o secuencia [10]
650 #4 - ASIENTO SECUNDARIO DE MATERIA - TERMINO TEMATICO
Término de materia o nombre geográfico como elemento de entrada PEDAGOGIA -
Subdivisión general FUNDAMENTOS
650 #4 - ASIENTO SECUNDARIO DE MATERIA - TERMINO TEMATICO
Término de materia o nombre geográfico como elemento de entrada Educación
Subdivisión general Metodología
9 (RLIN) 12791
700 1# - ASIENTO SECUNDARIO--NOMBRE DE PERSONAL
Nombre de persona Schmieder, J.,
Término indicativo de función/relación coaut.
905 ## - TIPO DE MATERIAL
Tipo de material Libro
Holdings
Estado de retiro Estado de pérdida Fuente del sistema de clasificación o colocación Estado dañado No para préstamo Código de colección Localización permanente Ubicación/localización actual Ubicación en estantería Total de préstamos Clasificación Código de barras Fecha visto por última vez Fecha del último préstamo Número de copia Tipo de ítem Koha
    Library of Congress Classification     Colección General Bib. Gregorio Torres Quintero Bib. Gregorio Torres Quintero Planta baja 13 LB1025 S3.38 1958 78972 28/08/2025 14/08/2025 1 Libro